000 00618nam a2200217 a 4500
001 BRCA_357
005 20190320202955.0
008 841127s1984 nyua b 001 0 eng
020 _a0500201927 (pbk.)
040 _aDLC
_cDLC
_dDLC
050 4 _aN7350
_b.S73 1984
100 1 _aStanley-Baker, Joan
_91192
245 1 0 _aJapanese Art
_cJoan Stanley-Baker.
260 _aNueva York, N.Y.
_bThames and Hudson
_c1984
300 _a216 p.
_b167 il. , 20 a color
_c21 cm.
500 _aDonación Fundación Japón
504 _aBibliografía: p. 203-205.
650 1 4 _aArte japonés
_91193
902 _aDFJ
942 _2lcc
_cB
999 _c294
_d294